[Event "SVK-chT2B 1415"]
[Site "Slovakia"]
[Date "2014.10.12"]
[Round "2.5"]
[White "Packa, Ladislav"]
[Black "Vass, Frantisek"]
[Result "0-1"]
[WhiteElo "2235"]
[BlackElo "2280"]
[PlyCount "88"]
[EventDate "2014.10.11"]
[EventType "team-tourn"]
[EventRounds "11"]
[EventCountry "SVK"]
[SourceTitle "EXT 2019"]
[Source "ChessBase"]
[SourceDate "2018.10.10"]
[SourceVersion "1"]
[SourceVersionDate "2018.10.10"]
[SourceQuality "1"]
[WhiteTeam "Sala Slovan Duslo"]
[BlackTeam "Podhajska Termal"]
[WhiteTeamCountry "SVK"]
[BlackTeamCountry "SVK"]

1. e4 c5 2. Nf3 e6 3. d3 d5 4. Nbd2 Nc6 5. g3 Nf6 6. Bg2 Be7 7. 0-0 b5 8. c3 Qb6 9. Re1 Ba6 10. exd5 Nxd5 11. Ne4 0-0 12. Qc2 Rad8 13. b3 b4 14. c4 Nc3 15. Nxc3 bxc3 16. a3 Bf6 17. Rb1 Nd4 18. Nxd4 cxd4 19. b4 Bxc4 20. dxc4 d3 21. Qa4 c2 22. Bd2 cxb1Q 23. Rxb1 Bd4 24. Rf1 e5 25. c5 Qc7 26. Be4 f5 27. Qb3+ Qf7 28. Qxf7+ Rxf7 29. Bc6 e4 30. Kg2 Re7 31. Re1 Kf7 32. a4 Kf6 33. h4 h6 34. h5 Kf7 35. Bb5 Bf6 36. Bc4+ Ke8 37. b5 Bg5 38. Be3 d2 39. Rd1 Bxe3 40. fxe3 Re5 41. c6 Rc5 42. Be2 Rd6 43. Kf2 Rc1 44. a5 Kd8 0-1

[Event "SVK-chT2B 1314"]
[Site "Slovakia"]
[Date "2014.03.15"]
[Round "10.1"]
[White "Kaniansky, Miroslav"]
[Black "Packa, Ladislav"]
[Result "1/2-1/2"]
[WhiteElo "2203"]
[BlackElo "2243"]
[PlyCount "59"]
[EventDate "2013.10.19"]
[EventType "team-tourn"]
[EventRounds "11"]
[EventCountry "SVK"]
[SourceTitle "EXT 2015"]
[Source "ChessBase"]
[SourceDate "2014.11.20"]
[SourceVersion "1"]
[SourceVersionDate "2014.11.20"]
[SourceQuality "1"]
[WhiteTeam "Prievidza II"]
[BlackTeam "Sala"]
[WhiteTeamCountry "SVK"]
[BlackTeamCountry "SVK"]

1. d4 Nf6 2. Nf3 g6 3. c4 Bg7 4. Nc3 0-0 5. e4 d6 6. Be2 e5 7. d5 h6 8. 0-0 Nbd7 9. Ne1 Nc5 10. f3 a5 11. Be3 Ne8 12. Nd3 b6 13. Qd2 Kh7 14. g4 Ba6 15. b3 Nf6 16. Nxc5 dxc5 17. Rf2 Ne8 18. Bd3 Nd6 19. Rg2 Qe7 20. Rf1 Rae8 21. Rg3 f6 22. h4 Rf7 23. h5 g5 24. Rg2 Ra8 25. Rb1 Kg8 26. Qc1 Bf8 27. Na4 Nb7 28. Nc3 Qe8 29. Rc2 Nd6 30. a4 1/2-1/2

[Event "SVK-chT2B 1314"]
[Site "Slovakia"]
[Date "2014.02.01"]
[Round "7.1"]
[White "Packa, Ladislav"]
[Black "Szegi, Tamas"]
[Result "1/2-1/2"]
[WhiteElo "2243"]
[BlackElo "2233"]
[PlyCount "45"]
[EventDate "2013.10.19"]
[EventType "team-tourn"]
[EventRounds "11"]
[EventCountry "SVK"]
[SourceTitle "EXT 2015"]
[Source "ChessBase"]
[SourceDate "2014.11.20"]
[SourceVersion "1"]
[SourceVersionDate "2014.11.20"]
[SourceQuality "1"]
[WhiteTeam "Sala"]
[BlackTeam "Batorove Kosihy"]
[WhiteTeamCountry "SVK"]
[BlackTeamCountry "SVK"]

1. e4 c5 2. Nf3 e6 3. g3 Nc6 4. Bg2 Nf6 5. d3 Be7 6. 0-0 0-0 7. Re1 d5 8. e5 Nd7 9. Bf4 Re8 10. h4 f6 11. exf6 Bxf6 12. Nc3 Nf8 13. Ne5 Bxe5 14. Bxe5 Ng6 15. d4 Kh8 16. Ne2 cxd4 17. Bxd4 e5 18. Be3 Be6 19. Nc1 e4 20. Nb3 Nge5 21. Bg5 Qb6 22. Be3 Qd8 23. Bg5 1/2-1/2

[Event "SVK-chT2B 1314"]
[Site "Slovakia"]
[Date "2014.01.12"]
[Round "6.2"]
[White "Kalisky, Vladimir"]
[Black "Packa, Ladislav"]
[Result "0-1"]
[WhiteElo "2186"]
[BlackElo "2243"]
[PlyCount "84"]
[EventDate "2013.10.19"]
[EventType "team-tourn"]
[EventRounds "11"]
[EventCountry "SVK"]
[SourceTitle "EXT 2015"]
[Source "ChessBase"]
[SourceDate "2014.11.20"]
[SourceVersion "1"]
[SourceVersionDate "2014.11.20"]
[SourceQuality "1"]
[WhiteTeam "Tlmace"]
[BlackTeam "Sala"]
[WhiteTeamCountry "SVK"]
[BlackTeamCountry "SVK"]

1. e4 e5 2. Nf3 Nc6 3. Bb5 a6 4. Ba4 Nf6 5. 0-0 Be7 6. Re1 b5 7. Bb3 0-0 8. c3 d6 9. h3 Nb8 10. d4 Nbd7 11. Nbd2 Bb7 12. Bc2 Re8 13. Nf1 Bf8 14. Ng3 g6 15. b3 Bg7 16. d5 Qb8 17. Be3 c6 18. c4 cxd5 19. cxd5 Rc8 20. Rc1 Rc7 21. Qd2 Qd8 22. Bd3 Rac8 23. Bf1 Bf8 24. Qb4 Rxc1 25. Bxc1 Nc5 26. Be3 a5 27. Qxb5 Ba6 28. Qxa6 Nxa6 29. Bxa6 Rc2 30. a4 Nd7 31. Nd2 Nc5 32. Bc4 Be7 33. Ngf1 Bg5 34. Nf3 Bxe3 35. Nxe3 Rb2 36. Nd1 Rb1 37. Nc3 Rxe1+ 38. Nxe1 Qb6 39. Nb5 Nxe4 40. Nd3 Nd2 41. g3 e4 42. Nf4 e3 0-1

[Event "SVK-chT2B 1314"]
[Site "Slovakia"]
[Date "2013.10.19"]
[Round "1.1"]
[White "Packa, Ladislav"]
[Black "Srvatka, Igor"]
[Result "0-1"]
[WhiteElo "2243"]
[BlackElo "2190"]
[PlyCount "67"]
[EventDate "2013.10.19"]
[EventType "team-tourn"]
[EventRounds "11"]
[EventCountry "SVK"]
[SourceTitle "EXT 2015"]
[Source "ChessBase"]
[SourceDate "2014.11.20"]
[SourceVersion "1"]
[SourceVersionDate "2014.11.20"]
[SourceQuality "1"]
[WhiteTeam "Sala"]
[BlackTeam "Trencin II"]
[WhiteTeamCountry "SVK"]
[BlackTeamCountry "SVK"]

1. e4 c6 2. d4 d5 3. Nd2 dxe4 4. Nxe4 Bf5 5. Ng3 Bg6 6. f4 e6 7. Nf3 Nf6 8. Bd3 Bxd3 9. Qxd3 g6 10. Bd2 Qb6 11. 0-0-0 Bg7 12. h4 h5 13. Kb1 Nbd7 14. Ng5 Rf8 15. Qa3 Rg8 16. Rhe1 Bf8 17. Qf3 Ng4 18. f5 gxf5 19. Nxf5 Ndf6 20. Ng3 Rh8 21. Bc3 Be7 22. N3e4 Rh6 23. Rd3 Rd8 24. Nd2 Qb5 25. b3 Qd5 26. Nc4 b5 27. Nb2 Rg6 28. Qe2 Nh6 29. Nd1 Nfg4 30. Bd2 Nf5 31. Nc3 Qd7 32. Nf3 Ng3 33. Ne5 Nxe2 34. Rxe2 0-1

[Event "SVK-chT2B 1213"]
[Site "Slovakia"]
[Date "2013.03.17"]
[Round "11.4"]
[White "Riabov, Alexander"]
[Black "Packa, Ladislav"]
[Result "0-1"]
[WhiteElo "2075"]
[BlackElo "2221"]
[PlyCount "86"]
[EventDate "2012.10.13"]
[EventType "team-tourn"]
[EventRounds "11"]
[EventCountry "SVK"]
[SourceTitle "EXT 2015"]
[Source "ChessBase"]
[SourceDate "2014.11.20"]
[SourceVersion "1"]
[SourceVersionDate "2014.11.20"]
[SourceQuality "1"]
[WhiteTeam "Topolcany"]
[BlackTeam "Sala"]
[WhiteTeamCountry "SVK"]
[BlackTeamCountry "SVK"]

1. e4 e5 2. Nf3 Nc6 3. d4 exd4 4. Bc4 Nf6 5. 0-0 Nxe4 6. Re1 d5 7. Bxd5 Qxd5 8. Nc3 Qa5 9. Nxe4 Be6 10. Neg5 0-0-0 11. Nxe6 fxe6 12. Rxe6 Bd6 13. Bg5 Rde8 14. Qe2 Kd7 15. Rxe8 Rxe8 16. Qd3 h6 17. Bd2 Qh5 18. Re1 Rxe1+ 19. Bxe1 a6 20. Qe4 Kc8 21. h3 Be5 22. Nxe5 Qxe5 23. Qxe5 Nxe5 24. b3 Kd7 25. f4 Nc6 26. Kf2 Ke6 27. Kf3 Kd5 28. c4+ dxc3 29. Bxc3 Nd4+ 30. Ke3 Nf5+ 31. Kd3 g6 32. g4 Ng3 33. Ke3 c5 34. Bg7 h5 35. Kf3 Ne4 36. gxh5 gxh5 37. f5 Ng5+ 38. Kg3 Ke4 39. f6 Kf5 40. Kh4 Kg6 41. Bf8 Ne6 42. Bd6 Nd4 43. Bxc5 Nf5# 0-1

[Event "SVK-chT2B 1213"]
[Site "Slovakia"]
[Date "2012.12.15"]
[Round "5.1"]
[White "Skreno, Vladimir"]
[Black "Packa, Ladislav"]
[Result "1-0"]
[WhiteElo "2165"]
[BlackElo "2221"]
[PlyCount "61"]
[EventDate "2012.10.13"]
[EventType "team-tourn"]
[EventRounds "11"]
[EventCountry "SVK"]
[SourceTitle "EXT 2015"]
[Source "ChessBase"]
[SourceDate "2014.11.20"]
[SourceVersion "1"]
[SourceVersionDate "2014.11.20"]
[SourceQuality "1"]
[WhiteTeam "Nitra II"]
[BlackTeam "Sala"]
[WhiteTeamCountry "SVK"]
[BlackTeamCountry "SVK"]

1. d4 Nf6 2. Nf3 c5 3. c4 cxd4 4. Nxd4 e5 5. Nc2 d5 6. cxd5 Bc5 7. Be3 Bd6 8. Nc3 0-0 9. Bg5 Bf5 10. e4 Bg6 11. Bd3 a6 12. 0-0 Nbd7 13. Be3 b5 14. a3 Nc5 15. f3 Nfd7 16. Nb4 Nxd3 17. Nxd3 Nb6 18. b3 Rc8 19. Qd2 f5 20. Nb4 f4 21. Bf2 Nd7 22. Nc6 Qf6 23. b4 Be8 24. a4 bxa4 25. Nxa4 g5 26. Rfc1 Ra8 27. Nc5 h5 28. b5 g4 29. Ne6 Rf7 30. Rxa6 Rxa6 31. bxa6 1-0

[Event "SVK-chT2B 1213"]
[Site "Slovakia"]
[Date "2012.12.01"]
[Round "3"]
[White "Kalisky, Vladimir"]
[Black "Packa, Ladislav"]
[Result "0-1"]
[WhiteElo "2246"]
[BlackElo "2221"]
[PlyCount "122"]
[EventDate "2012.10.13"]
[EventType "team-tourn"]
[EventRounds "11"]
[EventCountry "SVK"]
[SourceTitle "EXT 2015"]
[Source "ChessBase"]
[SourceDate "2014.11.20"]
[SourceVersion "1"]
[SourceVersionDate "2014.11.20"]
[SourceQuality "1"]
[WhiteTeam "Tlmace"]
[BlackTeam "Sala"]
[WhiteTeamCountry "SVK"]
[BlackTeamCountry "SVK"]

1. e4 e5 2. Nf3 Nc6 3. Bb5 a6 4. Ba4 Nf6 5. 0-0 Be7 6. Re1 b5 7. Bb3 0-0 8. c3 d6 9. h3 Na5 10. Bc2 c5 11. d4 Nc6 12. a4 Bb7 13. d5 Na5 14. Nbd2 Nd7 15. b3 Qb6 16. Nf1 Rfb8 17. Be3 Qd8 18. g4 Bc8 19. Ng3 g6 20. Kg2 Nb6 21. axb5 axb5 22. Qd2 Nb7 23. Nh2 Bd7 24. f4 f6 25. Nf3 Rxa1 26. Rxa1 Ra8 27. Qc1 Rxa1 28. Qxa1 Qa8 29. Qxa8+ Nxa8 30. g5 exf4 31. Bxf4 Nb6 32. gxf6 Bxf6 33. e5 Nxd5 34. Bd2 dxe5 35. Ne4 Bg7 36. Kg3 Nf6 37. Nxf6+ Bxf6 38. Be4 Nd6 39. Bd5+ Kg7 40. Ng5 h6 41. Ne4 Nxe4+ 42. Bxe4 Bf5 43. Bc6 Bd3 44. Be3 e4 45. Bxc5 Bxc3 46. Kf2 Bd2 47. h4 b4 48. Bd4+ Kf7 49. Bd5+ Ke7 50. Bg8 Kd6 51. Bf7 g5 52. hxg5 hxg5 53. Bh5 Kd5 54. Bb6 Ke5 55. Bd1 Kf5 56. Bc5 g4 57. Bb6 e3+ 58. Bxe3 g3+ 59. Kf3 Bxe3 60. Kxe3 g2 61. Kf2 Be4 0-1